L'animita: hagiografía folclórica

Сохранить в:
Библиографические подробности
Главный автор: Plath, Oreste (Автор)
Формат:
Язык:испанский
Опубликовано: Santiago Fondo de Cultura Económica 2012
Редактирование:3a. ed
Серии:Biblioteca Chilena
Предметы:
Метки: Добавить метку
Нет меток, Требуется 1-ая метка записи!

MARC

LEADER 00000cam a2200000 a 4500
001 UCF1693
003 CL-VaPUC
008 120723e20120000CL |||||||||||||||||spa|d
020 |a 9789562890977 
082 0 4 |a 291.35  |b PLA  |2 21 
100 0 |a Plath, Oreste  |e author  |9 330038 
245 1 2 |a L'animita: hagiografía folclórica 
250 |a 3a. ed 
300 |a 362 p 
942 |c BK 
945 |d 20120723 00:00:00  |a cmena 
260 |a Santiago  |b Fondo de Cultura Económica  |c 2012 
650 0 |a Creencias religiosas   |9 373391 
650 0 |a Animitas   |9 496054 
650 7 |a RELIGIOSIDAD POPULAR  |2 CL-VaPUC  |9 563183 
650 0 |a Costumbres y tradiciones   |9 268292 
650 0 |a Muerte  |9 265114 
583 |a last modification  |c 20120723 10:17:00  |k Rodrigo Vera 
490 0 |a Biblioteca Chilena 
999 |c 348381  |d 348379 
952 |0 0  |1 0  |4 0  |6 291_350000000000000_PLA_2012  |7 0  |8 A  |9 450364  |a BIBING  |b BIBING  |d 2019-11-22  |i 4873904  |o 291.35 PLA 2012  |p 4873904  |r 2025-01-20  |w 2019-11-22  |y BK  |k CUI 
952 |0 0  |1 0  |3 erb  |4 0  |6 291_350000000000000_PLA_2012  |7 0  |8 A  |9 450365  |a BIBART  |b BIBART  |i 5126134  |o 291.35 PLA 2012  |p 5126134  |r 2025-03-13  |w 2019-11-22  |y BK  |z Catalogado en:20141127  |k ART